The Indian Penal Code (Record no. 167363)

MARC details
000 -LEADER
fixed length control field 00721nam a22002177a 4500
005 - DATE AND TIME OF LATEST TRANSACTION
control field 20190829145231.0
010 ## - LCCN (DPL NO)
LC control number ENG-126362
020 ## - INTERNATIONAL STANDARD BOOK NUMBER
Terms of availability 950.00
International Standard Book Number 978-93-8854-840-3
035 ## - SYSTEM CONTROL NUMBER
System control number EN-109894
037 ## - SOURCE OF ACQUISITION
Source of stock number/acquisition DBAD/PUB
082 ## - DEWEY DECIMAL CLASSIFICATION NUMBER
Classification number 349.554
100 ## - MAIN ENTRY--PERSONAL NAME
Personal name Ratanlal & Dhirajlal
245 ## - TITLE STATEMENT
Title The Indian Penal Code
Statement of responsibility, etc by Ratanlal & Dhirajlal
250 ## - EDITION STATEMENT
Edition statement 36th
260 ## - PUBLICATION, DISTRIBUTION, ETC. (IMPRINT)
Name of publisher, distributor, etc Published By LexisNexis
Date of publication, distribution, etc 2019
Place of publication, distribution, etc Gurgaon
270 ## - ADDRESS
Address 14th Floor,Bulding No.10, Tower-B,DLF Cyber City, Phase-ll,
City Gurgaon
Postal code 122002
Telephone number 011-1244774444
Electronic mail address help.in@lexisnexis.com
Fax number 011-1244774100
300 ## - PHYSICAL DESCRIPTION
Extent xlix985p.
Dimensions 24cm(pbk)
700 ## - ADDED ENTRY--PERSONAL NAME
Personal name Ed. by Kannan,K
700 ## - ADDED ENTRY--PERSONAL NAME
Personal name Ed.by Prakash,Anjana
942 ## - ADDED ENTRY ELEMENTS (KOHA)
Source of classification or shelving scheme Dewey Decimal Classification
Item type English Books
Classification part 349.554
Call number suffix IND
Holdings
Withdrawn status Lost status Not for loan Collection code Home library Current library Date acquired Source of acquisition Cost, normal purchase price Full call number Barcode Copy number Cost, replacement price Koha item type
      Non-fiction Bawana Bawana 29/08/2019 DBAD/PUB 950.00 349.554 IND EN-109894 1 950.00 English Books

© Delhi Public Library
Hit Counter
free hit counter